|
|
|
|
| LEADER |
01319cmm a2200385 a 4500 |
| 001 |
000043457 |
| 003 |
1425 |
| 005 |
20060120170110.0 |
| 008 |
010217b2003 vm 000 vie |
| 040 |
|
|
|a LRC
|c LRC
|d LRC
|
| 041 |
0 |
|
|a vie
|
| 082 |
1 |
4 |
|a 005.72
|b NG-L
|
| 100 |
1 |
|
|a Nguyễn Phương Lan.
|
| 245 |
1 |
0 |
|a Lập trình ứng dụng Web với JSP/ Servlet
|h [Computer file - Đĩa máy tính] /
|c Nguyễn Phương Lan, Hoàng Đức Hải.
|
| 260 |
|
|
|a Tp.HCM :
|b Lao động - Xã hội,
|c 2003.
|
| 300 |
|
|
|a 1 CD-ROM ;
|c 4 3/4 in. +
|e 1 sách (258 tr. :
|b mh. ;
|c 29 cm.).
|
| 500 |
|
|
|a Ấn bản dành cho sinh viên.
|
| 630 |
0 |
4 |
|a Computer.
|
| 630 |
0 |
4 |
|a Tin học.
|
| 630 |
0 |
4 |
|a JSP.
|
| 630 |
0 |
4 |
|a Servlet.
|
| 650 |
0 |
4 |
|a Web (Ngôn ngữ lập trình máy tính)
|
| 700 |
1 |
|
|a Hoàng Đức Hải.
|
| OWN |
|
|
|a DUT
|
| AVA |
|
|
|a UDN50
|b DUT
|c Visual
|d 005.72 NG-L
|e available
|t Error 5001 Not defined in file expand_doc_bib_avail.
|f 5
|g 0
|h N
|i 0
|j AV
|k 1
|
| 999 |
|
|
|a From the UDN01
|
| AVA |
|
|
|a UDN50
|b DUT
|c Visual
|d 005.72 NG-L
|e available
|t Error 5001 Not defined in file expand_doc_bib_avail.
|f 5
|g 0
|h N
|i 0
|j AV
|k 1
|
| TYP |
|
|
|a Computer file
|
| TYP |
|
|
|a Monograph
|
| 980 |
|
|
|a Mạng thư viện Đại học Đà Nẵng
|